Ako zvládnuť euro konverziu?
Rozsah úsilia a množstvo prostriedkov, ktoré bude musieť konkrétna spoločnosť vynaložiť, ako aj dopad na stratégiu a operatívu spoločnosti v dôsledku prijatia spoločnej európskej meny. Konverzia v bankovom prostredí. Kritické faktory úspešnosti.
Gespeichert in:
| 1. Verfasser: | |
|---|---|
| Format: | Buchkapitel |
| Sprache: | Slowakisch |
| Schlagworte: | |
| Tags: |
Keine Tags, Fügen Sie das erste Tag hinzu!
|
MARC
| LEADER | 00000naa$a2200000$$$4500 | ||
|---|---|---|---|
| 001 | 0060121 | ||
| 005 | 20230929122008.2 | ||
| 041 | 0 | |a slo | |
| 044 | |a SK | ||
| 245 | 1 | 0 | |a Ako zvládnuť euro konverziu? |c Peter Ölvecký |
| 520 | |a Rozsah úsilia a množstvo prostriedkov, ktoré bude musieť konkrétna spoločnosť vynaložiť, ako aj dopad na stratégiu a operatívu spoločnosti v dôsledku prijatia spoločnej európskej meny. Konverzia v bankovom prostredí. Kritické faktory úspešnosti. | ||
| 610 | 2 | 0 | |a euro |
| 610 | 2 | 0 | |a bankovníctvo |
| 610 | 2 | 0 | |a prostredie ekonomické |
| 610 | 2 | 0 | |a konvergencia |
| 610 | 2 | 0 | |a riadenie projektové |
| 610 | 2 | 0 | |a Európska menová únia |
| 100 | 1 | |a Ölvecký, Peter | |